| Tag |
First Indicator |
Second Indicator |
Subfields |
| LEADER |
00000cam a2200000 a 4500 |
| 001 |
in00000090256 |
| 005 |
20151008065646.0 |
| 008 |
820506s1982 dcu 00010 eng |
| 010 |
|
|
|a 81071428
|
| 019 |
|
|
|a 8291391
|
| 020 |
|
|
|a 084471092X (pbk.)
|
| 035 |
|
|
|a (OCoLC)08262338
|
| 035 |
|
|
|9 AAK6344AM
|
| 039 |
0 |
|
|a 2
|b 3
|c 3
|d 3
|e 3
|
| 040 |
|
|
|a DLC
|c DLC
|d TXA
|d UtOrBLW
|
| 043 |
|
|
|a a-le---
|
| 049 |
|
|
|a TXAM
|c [1561818]
|
| 050 |
0 |
0 |
|a DS87
|b S19
|
| 082 |
0 |
|
|a 956.92/044
|2 19
|
| 100 |
1 |
|
|a Salem, Elie Adib.
|
| 245 |
1 |
0 |
|a Prospects for a new Lebanon /
|c Elie Salem.
|
| 264 |
|
1 |
|a Washington :
|b American Enterprise Institute for Public Policy Research,
|c [1982]
|
| 264 |
|
4 |
|c ©1982
|
| 300 |
|
|
|a 14 pages ;
|c 26 cm.
|
| 336 |
|
|
|a text
|b txt
|2 rdacontent
|
| 337 |
|
|
|a unmediated
|b n
|2 rdamedia
|
| 338 |
|
|
|a volume
|b nc
|2 rdacarrier
|
| 490 |
1 |
|
|a AEI special analyses ;
|v no. 81-4
|
| 651 |
|
0 |
|a Lebanon
|x Politics and government.
|
| 710 |
2 |
|
|a American Enterprise Institute for Public Policy Research.
|
| 830 |
|
0 |
|a AEI special analyses ;
|v no. 81-4.
|
| 999 |
|
|
|a MARS
|
| 999 |
f |
f |
|s 659c714d-cd32-3bdf-9d37-116b1e1c125c
|i 698ff115-b2ee-3c86-a3d7-4d7ba152bbd6
|t 0
|
| 952 |
f |
f |
|p ric
|a Texas A&M University
|b Rellis Campus
|c Joint Library Facility
|d Remote Storage
|t 0
|e DS87 S19
|h Library of Congress classification
|i unmediated -- volume
|m A14805992097
|
| 998 |
f |
f |
|a DS87 S19
|t 0
|l Remote Storage
|